THE RIVER THAT BRINGS US LIFE / (Record no. 203725)

MARC details
000 -LEADER
fixed length control field 01114nam a2200349 i 4500
003 - CONTROL NUMBER IDENTIFIER
control field OSt
005 - DATE AND TIME OF LATEST TRANSACTION
control field 20260407122721.0
008 - FIXED-LENGTH DATA ELEMENTS--GENERAL INFORMATION
fixed length control field 260407t20222022si a gr 000 1 eng d
020 ## - INTERNATIONAL STANDARD BOOK NUMBER
International Standard Book Number 9789811254734
Terms of availability RM 34.98
Qualifying information paperback
040 ## - CATALOGING SOURCE
Original cataloging agency PPAK
Language of cataloging eng
Transcribing agency PPAK
Description conventions rda
082 04 - DEWEY DECIMAL CLASSIFICATION NUMBER
Edition number 23
Classification number 428.6
090 00 - LOCALLY ASSIGNED LC-TYPE CALL NUMBER (OCLC); LOCAL CALL NUMBER (RLIN)
Classification number (OCLC) (R) ; Classification number, CALL (RLIN) (NR) 428.6
Feature heading ANG
Feature heading K
100 1# - MAIN ENTRY--PERSONAL NAME
Personal name Ang, Sarah,
Relator term author.
245 10 - TITLE STATEMENT
Title THE RIVER THAT BRINGS US LIFE /
Statement of responsibility, etc. Sarah Ang
246 33 - VARYING FORM OF TITLE
Title proper/short title River That Brings Us Life
264 #1 - PRODUCTION, PUBLICATION, DISTRIBUTION, MANUFACTURE, AND COPYRIGHT NOTICE
Place of production, publication, distribution, manufacture Singapore :
Name of producer, publisher, distributor, manufacturer WS Education,
Date of production, publication, distribution, manufacture, or copyright notice [2022]
Date of production, publication, distribution, manufacture, or copyright notice ©2022
300 ## - PHYSICAL DESCRIPTION
Extent 35 pages :
Other physical details color illustrations ;
Dimensions 22 x 31 cm
336 ## - CONTENT TYPE
Content type term text
Source rdacontent
Content type term still image
Source rdacontent
337 ## - MEDIA TYPE
Media type term unmediated
Source rdamedia
338 ## - CARRIER TYPE
Carrier type term volume
Source rdacarrier
504 ## - BIBLIOGRAPHY, ETC. NOTE
Bibliography, etc. note Includes bibliographical references (title page verso).
650 10 - SUBJECT ADDED ENTRY--TOPICAL TERM
Topical term or geographic name entry element Singapore River (Singapore)
General subdivision History
Form subdivision Juvenile fiction
Topical term or geographic name entry element Rivers
Form subdivision Juvenile fiction
Topical term or geographic name entry element Rivers
651 #0 - SUBJECT ADDED ENTRY--GEOGRAPHIC NAME
Geographic name Singapore
Geographic subdivision Singapore River
655 #0 - INDEX TERM--GENRE/FORM
Genre/form data or focus term Fiction
Genre/form data or focus term History
Genre/form data or focus term Juvenile works
942 ## - ADDED ENTRY ELEMENTS (KOHA)
Source of classification or shelving scheme Dewey Decimal Classification
Koha item type Book
Holdings
Withdrawn Not for loan Current library Shelving location Date acquired Total Checkouts Full call number Barcode Date last seen Koha item type
    Perpustakaan Bandar Baharu Pinjaman Kanak-kanak 07/04/2026   K 428.6 ANG A01910009 07/04/2026 Book